00377nam a2200121 a 45000010005000000030005000050050017000100080041000270400020000681000034000882450113001222600020002353203CDMR20130116135241.0130130s1973||||||||||||||||||||||||||||d aCDMRbcatcCDMR1 aAlie Puigdollers, Maria Elena10aPrensa y impresores en Cataluña y Baleares durante la guerra de IndependenciacMª Elena Alie Puigdollers aBarcelonac1973